| 000 | 004490000a22001810004500 | ||
|---|---|---|---|
| 003 | MACL | ||
| 005 | 20151027145835.0 | ||
| 008 | 151027b xxu||||| |||| 00| 0 eng d | ||
| 040 |
_aMACL _cMACL |
||
| 041 | _aEnglish | ||
| 082 | _a323/SHA | ||
| 100 |
_aSharma, Swati _916983 |
||
| 245 | _aWomen And Human Rights | ||
| 260 |
_aNew Delhi _bPearl Books _c2009 |
||
| 350 | _a700/- | ||
| 690 | _aCivil And Political Rights | ||
| 942 |
_cBK _k323/ SHA _2ddc |
||
| 999 |
_c44651 _d44651 |
||